JSPS annual report 1979 - 1980

Uloženo v:
Podrobná bibliografie
Korporativní autor: Japan Society
Médium: Kniha
Jazyk:Undetermined
Vydáno: Japan The Promotion of Science 1980
Témata:
Tagy: Přidat tag
Žádné tagy, Buďte první, kdo otaguje tento záznam!
Thư viện lưu trữ: Trung tâm Học liệu Trường Đại học Cần Thơ
LEADER 00479nam a2200181Ia 4500
001 CTU_95479
008 210402s9999 xx 000 0 und d
082 |a 354.7 
082 |b J35 
110 |a Japan Society 
245 0 |a JSPS annual report 1979 - 1980 
245 0 |c Japan Society 
260 |a Japan 
260 |b The Promotion of Science 
260 |c 1980 
650 |a Environmental policy 
904 |i Hiếu 
980 |a Trung tâm Học liệu Trường Đại học Cần Thơ